00680nam a2200193 i 450000100060000000300090000600500170001500700030003200800410003510000540007624500580013025000120018826000420020030000220024250000470026485200320031199900170034395201260036058854ES-MaACL20251111063347.0t|031024s1960 sp ||||1| spa d1 aEchevarría, María Jesús, d1932-196394655314aLas medias palabras / cMaría Jesús Echevarría. a1ª ed. aBarcelona : bGarbo Moderna, c[1960] a271 p. ; c22 cm. aPremio de Novela Elisenda de Moncada 1959. aES-MaACLjC-18687 bR.46198 c58854d58854 00104070aATENEOMbATENEOMcGaleríad2008-01-17eSCl0oC-18687p1061740r2023-02-23 00:00:00w2023-02-23yMONOGRAFIA